Koncepce systému sociální pomoci

Bibliographic Details
Main Author: Tomeš, Igor, 1931-2018 (Author)
Format: Article
Language:Czech
Slovak
PhysicalDescription:Obr. 1.
Subjects:

MARC

LEADER 00000nab a2200000 a 4500
001 vtls000436043
003 SK-MaSNL
005 20260304174858.0
008 120925c1991 xo 0 cze
015 |a SNBRB19rr/mm-uuuuu 
035 |a CL0436171 
040 |a SNKBUCL  |b slo  |c SNKBUCL  |e AACR2 
041 0 |a slo 
044 |a xo  |c SK 
080 |a 362  |2 1981 
100 1 |a Tomeš, Igor,  |d 1931-2018  |4 aut  |9 87681 
245 1 0 |a Koncepce systému sociální pomoci  |c Igor Tomeš 
300 |b Obr. 1. 
650 0 7 |a sociálna starostlivosť  |2 snkbucl  |9 3737 
655 7 |a články z novín a časopisov  |2 snkbucl  |9 267496 
773 0 |t Sociálna politika  |g Roč. 17, č. 9-10 (1991), s. 2-5 
850 |a Slovenská národná knižnica v Martine  |a MTA001 
852 |a SNK  |b KIS3GCP 
958 |a RK 
992 |a RBX 
999 |c 3010806  |d 3012736